IBPS-CWE: (Record no. 190536)

MARC details
000 -LEADER
fixed length control field 00581nam a22001817a 4500
005 - DATE AND TIME OF LATEST TRANSACTION
control field 20220727142540.0
010 ## - LCCN (DPL NO)
LC control number ENG-134040
020 ## - INTERNATIONAL STANDARD BOOK NUMBER
Terms of availability 999.00
International Standard Book Number 9789386720320
035 ## - SYSTEM CONTROL NUMBER
System control number EN-117572
037 ## - SOURCE OF ACQUISITION
Source of stock number/acquisition DBAD/PUB
082 ## - DEWEY DECIMAL CLASSIFICATION NUMBER
Classification number 000
245 ## - TITLE STATEMENT
Title IBPS-CWE:
Remainder of title Prevoous Year Solved Paper For Cleark Examination/
Statement of responsibility, etc Ed.by Jum Kipa
260 ## - PUBLICATION, DISTRIBUTION, ETC. (IMPRINT)
Place of publication, distribution, etc Gaziabad
Name of publisher, distributor, etc Rathore Publishers & Distributors
Date of publication, distribution, etc 2019
270 ## - ADDRESS
Address Basement, 260, shaktikhand-III, Indirapuram,
City gaziabad
Postal code 201010
300 ## - PHYSICAL DESCRIPTION
Extent vp.
Dimensions 25cm(pbk)
Other physical details Index
700 ## - ADDED ENTRY--PERSONAL NAME
Personal name Kipa, Jum
942 ## - ADDED ENTRY ELEMENTS (KOHA)
Source of classification or shelving scheme Dewey Decimal Classification
Item type English Books
Classification part 000
Call number suffix IBP
Holdings
Withdrawn status Lost status Not for loan Collection code Home library Current library Date acquired Source of acquisition Cost, normal purchase price Full call number Barcode Copy number Cost, replacement price Koha item type
      Non-fiction Central Jail Tihar Central Jail Tihar 27/07/2022 DBAD/PUB 999.00 000 IBP EN-117572 1 999.00 English Books

© Delhi Public Library
Hit Counter
free hit counter